000
00270 a2200121 4500
000
nam a22 7a 4500
005
20260507132802.0
020
_a
9789389830378
100
_a
Sanjeev
245
_a
Mujhe pahachaano
260
_b
Setu Prakashan
_c
2020
942
_c
TEXL
999
_c
1851093
_d
1851093